Obálka Náhled e-knihy:
PDF
Pro půjčování e-knih musíte být přihlášeni.
Jak si půjčit online?

Futbaloví velikáni: Messi vs. Ronaldo /

MAJSTROVSKÝ MESSI VS. POKORITEĽ REKORDOV RONALDO DVE LEGENDY V PRIAMOM SÚBOJI O KORUNU. Porovnaj všetky najnovšie údaje, ktoré zahŕňajú: strhujúce štatistiky, fascinujúce fakty, úžasné príbehy. A potom sa rozhodni, ktorá z týchto hviezd je podľa teba NAJVÄČŠÍ VELIKÁN VŠETKÝCH ČIAS....

Celý popis

Uloženo v:
Hlavní autor: Oldfield, Matt (Autor)
Médium: E-kniha
Jazyk:Czech
Vydáno: Praha : Albatros Media Slovakia s.r.o., 2025
Tagy:
Žádné tagy
LEADER 01281nam a22002297i 4500
001 302695
007 ta
008 260514s2025 xr ||||| |||| 00| 0 cze d
020 |a 9788056647622 
044 |a xr 
100 1 |a  Oldfield, Matt  |4 aut 
245 1 0 |a Futbaloví velikáni: Messi vs. Ronaldo /  |c  Oldfield, Matt 
240 1 0 |a The Football GOAT: Messi v Ronaldo 
264 1 |a Praha :  |b Albatros Media Slovakia s.r.o.,  |c 2025 
300 |a 1 online zdroj (160 stran) 
336 |a text  |b txt  |2 rdacontent 
337 |a bez média  |b n  |2 rdamedia 
338 |a online zdroj  |b cr  |2 rdacarrier 
520 2 |a MAJSTROVSKÝ MESSI VS. POKORITEĽ REKORDOV RONALDO DVE LEGENDY V PRIAMOM SÚBOJI O KORUNU. Porovnaj všetky najnovšie údaje, ktoré zahŕňajú: strhujúce štatistiky, fascinujúce fakty, úžasné príbehy. A potom sa rozhodni, ktorá z týchto hviezd je podľa teba NAJVÄČŠÍ VELIKÁN VŠETKÝCH ČIAS. 
910 |a RBIT002 
998 |d 426952  |a https://core.palmknihy.cz/api/books/426952/cover?tesghz  |b https://core.palmknihy.cz/api/books/426952/cover/400?tesghz  |c https://core.palmknihy.cz/api/books/426952/cover/50?tesghz  |e 2030-09-23  |g 160  |i 9788056647622  |k https://core.palmknihy.cz/api/books/426952/preview.pdf  |l   |q 49  |r 1  |s https://www.palmknihy.cz/kniha/426952  |t ebook  |y 2025  |z 1 
999 |d 302693